| 000 | 00405nam a2200157Ia 4500 | ||
|---|---|---|---|
| 008 | 221030s9999 xx 000 0 und d | ||
| 020 | _a8120328736 | ||
| 041 | _aEnglish | ||
| 100 | _aH. G. Frederickson | ||
| 245 | 0 |
_aEthics in Public Management _cby H. G. Frederickson, R. K. Ghere |
|
| 260 |
_bPHI _aNew Delhi _c2014 |
||
| 300 | _a390 | ||
| 650 | _aManagement | ||
| 700 | _aR. K. Ghere | ||
| 942 | _cBK | ||
| 999 |
_c16326 _d16326 |
||